| 000 | 01260nam a22002657a 4500 | ||
|---|---|---|---|
| 005 | 20230331072119.0 | ||
| 008 | 200207b sp ||||| |||| 00| 0 spa d | ||
| 020 | _a847114901X | ||
| 050 | 0 | 4 |
_aTD156 .R38 _bS47 2000 |
| 050 | 0 | 4 |
_aTD791 _bS46 2000 |
| 100 | 1 |
_aSeoánez Calvo, Mariano, _eautor |
|
| 245 | 1 | 0 |
_aTratado de reciclado y recuperación de productos de los residuos _b : El reciclado de la naturaleza, El reciclado en el medio agrario, El reciclado y la recuperación en el medio urbano, El reciclado y la recuperación en el medio industrial, Casos prácticos de cada sector. _c / Mariano Seoánez Calvo ; con la colaboración de Elena Bellas Velasco, Pedro Ladaria Sureda, Pilar Seoánez Oliet. |
| 250 | _a1a ed. | ||
| 260 |
_aMadrid, España : _bEdiciones Mundi-Prensa, _c2000 |
||
| 300 |
_a605 p. ; _c24 cm. |
||
| 490 | 0 | _aIngenieria del Medio Ambiente | |
| 500 | _aIncluye bibliografía e índice | ||
| 650 | 7 |
_2lemb _aResiduos Industriales _xReciclaje |
|
| 650 | 7 |
_2lemb _aBasuras y aprovechamiento de basuras |
|
| 650 | 7 |
_2lemb _aResiduos sólidos _xReciclaje |
|
| 700 | 1 |
_aBellas Velasco, Elena., _ecolaborador. |
|
| 700 | 1 |
_aLadaria Sureda, Pedro., _ecolaborador. |
|
| 700 | 1 |
_aSeoánez Oliet, Pilar _ecolaborador |
|
| 942 |
_2lcc _cLIB |
||
| 999 |
_c57694 _d57694 |
||